LIBRARY ONLINE CATALOGUE

Contemporary employment relations : (Record no. 5586)

MARC details
000 -LEADER
fixed length control field 00680nam a22002172 4500
001 - CONTROL NUMBER
control field 0000002011
005 - DATE AND TIME OF LATEST TRANSACTION
control field 20151217151836.0
008 - FIXED-LENGTH DATA ELEMENTS--GENERAL INFORMATION
fixed length control field 070330s xx 000 0 eng d
020 ## - INTERNATIONAL STANDARD BOOK NUMBER
International Standard Book Number 0199272433 :
Terms of availability KES 4,199
040 ## - CATALOGING SOURCE
Original cataloging agency KABU
Transcribing agency KABU
050 #0 - LIBRARY OF CONGRESS CALL NUMBER
Classification number HD6971
Item number .W55
100 1# - MAIN ENTRY--PERSONAL NAME
Personal name Williams, Steve.
-- 0000151182
245 10 - TITLE STATEMENT
Title Contemporary employment relations :
Remainder of title a critical introduction /
Statement of responsibility, etc. Steve Williams and Derek Adam-Smith.
260 ## - PUBLICATION, DISTRIBUTION, ETC. (IMPRINT)
Place of publication, distribution, etc. Oxford :
Name of publisher, distributor, etc. OUP,
Date of publication, distribution, etc. 2006.
300 ## - PHYSICAL DESCRIPTION
Extent xiii, 358 p.
650 #0 - SUBJECT ADDED ENTRY--TOPICAL TERM
Topical term or geographic name as entry element Industrial relations.
-- 0000148089
700 1# - ADDED ENTRY--PERSONAL NAME
Personal name Adam-Smith, Derek.
-- 0000151183
908 ## - PUT COMMAND PARAMETER (RLIN)
Put command parameter 070330
950 ## - LOCAL HOLDINGS (RLIN)
-- 1
Holdings
Withdrawn status Lost status Source of classification or shelving scheme Not for loan Home library Current library Date acquired Total Checkouts Full call number Barcode Date last seen Date last checked out Price effective from Koha item type
    Library of Congress Classification   Kabarak, Main Campus Kabarak, Main Campus 17/12/2015 2 HD6971 .W55 c.1 001666 02/08/2024 15/07/2016 17/12/2015 General Collection